Gramši i Lenin

Elmentve itt :
Bibliográfiai részletek
Szerző: Szabó Tibor
Dokumentumtípus: Cikk
Megjelent: 1981
Sorozat:Acta Universitatis Szegediensis : sectio philosophica 25
Kulcsszavak:Gramsci Antonio, Lenin Vladimir Il'ič, Filozófia
Tárgyszavak:
Online Access:http://acta.bibl.u-szeged.hu/2538
LEADER 00726nab a2200205 i 4500
001 acta2538
005 20260123084625.0
008 161015s1981 hu o 000 rus d
022 |a 0231-2670 
040 |a SZTE Egyetemi Kiadványok Repozitórium  |b hun 
041 |a rus 
100 1 |a Szabó Tibor 
245 1 0 |a Gramši i Lenin  |h [elektronikus dokumentum] /  |c  Szabó Tibor 
260 |c 1981 
300 |a 95-106 
490 0 |a Acta Universitatis Szegediensis : sectio philosophica  |v 25 
650 4 |a Bölcsészettudományok 
650 4 |a Filozófia, etika és vallástudományok 
695 |a Gramsci Antonio, Lenin Vladimir Il'ič, Filozófia 
856 4 0 |u http://acta.bibl.u-szeged.hu/2538/1/philosophica_025_095-106.pdf  |z Dokumentum-elérés